Modelovanie efektu sacharidov a infúzie inzulínu na glykémiu

Guardado en:
Detalles Bibliográficos
Autor principal: Zsíros, Ondrej (Autor)
Otros Autores: Tárník, Marián (Orientador)
Formato: Manuscrito Libro
Lenguaje:eslovaco
Publicado: 2017
Materias:
Acceso en línea:http://is.stuba.sk/zp/portal_zp.pl?podrobnosti=125892
Etiquetas: Agregar Etiqueta
Sin Etiquetas, Sea el primero en etiquetar este registro!

MARC

LEADER 00000ntm a22000003a 4500
001 stuzp59695
003 SK-STU
005 20170711124024.1
007 ta
008 150427s2015----xo-----f-mn---000-0-slo-d
040 |a STU  |b slo 
041 0 |a slo 
044 |a xo 
100 1 |a Zsíros, Ondrej  |u 031000  |4 aut  |U FEI Fakulta elektrotechniky a informatiky  |T FEI Ústav robotiky a kybernetiky  |X 74559  |U E011  |Y 356  |7 74559 
242 0 1 |a Modeling the carbohydrate effect and insulin infusion on glycemia  |y eng 
245 1 0 |a Modelovanie efektu sacharidov a infúzie inzulínu na glykémiu 
260 |c 2017 
300 |a 51 s.,  |b CD-ROM 
650 4 |a Diabetes mellitus 1. typu  |2 slo 
650 4 |a inzulínová citlivosť  |2 slo 
650 4 |a sacharidový pomer  |2 slo 
650 4 |a Diabetes mellitus type 1  |2 eng 
650 4 |a insulin sensitivity  |2 eng 
650 4 |a carbohydrate ratio  |2 eng 
700 1 |a Tárník, Marián  |u 031000  |k Z1  |4 ths  |U FEI Fakulta elektrotechniky a informatiky  |T FEI Ústav robotiky a kybernetiky  |X 29002  |U E011  |Y 356  |7 A000029002 
856 4 |u http://is.stuba.sk/zp/portal_zp.pl?podrobnosti=125892 
996 |b 284ER02322  |c E*Bc- 2322  |l EE31  |s P  |a 0  |w stuzp59695_0001